Geografía general y de Asia y Africa: para primer año del ciclo básico y de las escuelas de comercio

Gespeichert in:
Bibliographische Detailangaben
1. Verfasser: Calzetti, Hugo.Autor
Format: keine Angabe
Sprache:Spanisch
Erschienen: Buenos Aires Ángel Estrada y Cía SA - Editores 1943
Ausgabe:1a ed.
Katalog:MANES:  Suchergebnis im Bibliothekskatalog
Schulbuchspezifische Eigenschaften:
Tags: Tag hinzufügen
Keine Tags, Fügen Sie den ersten Tag hinzu!
Hinzugefügt zu:26.04.2016
Geändert in:07.05.2025

MARC

LEADER 000000000a22000000004500
001 39259
003 OSt
005 20250507125821.0
008 160427s ag ||||| |||| 00| 0 spa d
040 |a MANES  |c manes 
100 1 |a Calzetti, Hugo.Autor   |9 42705 
245 0 0 |a Geografía general y de Asia y Africa: para primer año del ciclo básico y de las escuelas de comercio 
250 |a 1a ed. 
260 |a Buenos Aires  |b Ángel Estrada y Cía SA - Editores  |c 1943 
300 |a 391 p.  |c 15 x 21 cm. 
500 |a Edición reformada por: Calzetti, Mabel. - Con un Atlas anexo. -   |a Signatura topográfica: HTA 1943 CALg (Sala A) 
546 |a Argentina 
561 |5 ar-DOCE  |a Argentina. Biblioteca del Docente  |k MANES 
690 0 |a GEO 
691 0 |a SE  |a FP 
942 |2 ddc  |c BK 
999 |c 43577  |d 43577 
999 |c manes:43577  |d 43577